000 00576nam a2200217Ii 4500
003 JO-AjNU
008 230606s9999||||xx |||||||||||||| ||und||
020 _a978-007-131121-2
040 _aJO-AjNU
_beng
_erda
_cJO-AjNU
041 _aeng
050 1 4 _aTA357.W48.2011
100 3 _aWhite, Frank,
_eauthor
_94043
245 0 0 _aFluid Mechanics
250 _a7 ed
264 3 1 _aLondon:Mcgraw hill,2010
300 _a878p
336 _atext
_btxt
_2rdacontent
337 _aunmediated
_bn
_2rdamedia
338 _avolume
_bnc
_2rdacarrier
650 4 _aFluId Mechanics
_94044
999 _aE2105
_c2104
_d2104